Somewhere lower down /

Bibliographic Details
Main Author: Friend, Robert, 1913-1998 (Author)
Format: Book
Language:English
Published: London : The Menard Press, 1980.
Subjects:

MARC

Tag First Indicator Second Indicator Subfields
LEADER 00000cam a2200000 i 4500
001 in00004436049
005 20210421154602.0
008 890727s1980 enk 000 p eng
035 |a (OCoLC)ocm20219297 
040 |a UKM  |b eng  |e rda  |c UKM  |d BUF  |d CUS  |d BAKER  |d BTCTA  |d KIJ  |d GZM  |d OCLCQ  |d OCLCO  |d BKL  |d OCLCF  |d OCLCQ  |d OCL  |d OCLCA  |d OSU  |d J9U  |d UKMGB  |d DLM  |d OCL  |d LUN  |d TXA 
015 |a GB8908688  |2 bnb 
016 7 |a 012675420  |2 Uk 
019 |a 7075962  |a 7394921  |a 21622751  |a 1080655075  |a 1167105777 
020 |a 090340043X  |q (paperback) 
020 |a 9780903400435  |q (paperback) 
035 |a (OCoLC)20219297  |z (OCoLC)7075962  |z (OCoLC)7394921  |z (OCoLC)21622751  |z (OCoLC)1080655075  |z (OCoLC)1167105777 
042 |a pcc 
050 4 |a PR9510.9.F75  |b S65 1980 
082 0 4 |a 811/.54  |2 19 
049 |a TXAM 
100 1 |a Friend, Robert,  |d 1913-1998,  |e author. 
245 1 0 |a Somewhere lower down /  |c Robert Friend. 
264 1 |a London :  |b The Menard Press,  |c 1980. 
264 2 |a Kensington, California :  |b Distribution in North America by SBD: Small Press Distribution 
300 |a 63 pages ;  |c 22 cm 
336 |a text  |b txt  |2 rdacontent 
337 |a unmediated  |b n  |2 rdamedia 
338 |a volume  |b nc  |2 rdacarrier 
530 |a Also issued online. 
500 |a The Cushing Library/Women & Gender Studies copy was acquired as part of The Don Kelly Research Collection of Gay Literature and Culture.  |5 TXA 
655 7 |a Gay poetry.  |2 lcgft 
776 0 8 |i Online version:  |a Friend, Robert.  |t Somewhere lower down.  |d London : Menard, 1980  |w (OCoLC)557850308 
776 0 8 |i Online version:  |a Friend, Robert.  |t Somewhere lower down.  |d London : Menard, 1980  |w (OCoLC)610212786 
994 |a C0  |b TXA 
948 |a cataloged  |b h  |c 2021/4/21  |d c  |e nbehmer  |f 3:45:48 pm 
999 f f |s f07fff46-bf6c-38ba-81a8-41bb12fe66d8  |i 2b8b2437-9fe2-3725-9051-8ca9758b38a1  |t 0 
952 f f |p noncirc  |a Texas A&M University  |b College Station  |c Cushing Memorial Library & Archives  |d Cushing: Women & Gender Studies (Does not check out)  |t 0  |e PR9510.9.F75 S65 1980  |h Library of Congress classification  |i unmediated -- volume 
998 f f |a PR9510.9.F75 S65 1980  |t 0  |l Cushing: Women & Gender Studies (Does not check out)